[Event "Hessen 2-Mecklenburg VP 1"]
[Site "Gladenbach"]
[Date "2011.09.13"]
[Round "3.3"]
[White "Krüger, Gerhard"]
[Black "Niebling, Ferdinand"]
[Result "0-1"]
[WhiteElo "1908"]
[BlackElo "2009"]
[PlyCount "49"]
[EventDate "2011.??.??"]
[WhiteTeam "Mecklenburg VP 1"]
[BlackTeam "Hessen 2"]

1. e4 c6 2. d4 d5 3. exd5 cxd5 4. Bd3 Nc6 5. c3 Nf6 6. h3 g6 7. Nf3 Bf5 8. Bxf5
gxf5 9. Bf4 e6 10. Nbd2 Bd6 11. Ne5 Qc7 12. Ndf3 Ne4 13. Bh2 Rg8 14. Nxc6 Bxh2
15. Nxa7 Rxg2 16. Qa4+ Kf8 17. Rxh2 Rxh2 18. Nxh2 Qxh2 19. O-O-O Nxf2 20. Rd2
Qg1+ 21. Kc2 Ne4 22. Qb4+ Kg7 23. Qxb7 Nxd2 24. Qxa8 Nc4 25. Qb8 0-1

[Event "Hessen 2-Mecklenburg VP 1"]
[Site "Gladenbach"]
[Date "2011.09.13"]
[Round "3.4"]
[White "Limberg, Siegfried"]
[Black "Kühn, Peter"]
[Result "1/2-1/2"]
[WhiteElo "2032"]
[BlackElo "1826"]
[PlyCount "82"]
[EventDate "2011.??.??"]
[WhiteTeam "Hessen 2"]
[BlackTeam "Mecklenburg VP 1"]

1. d4 f5 2. Nf3 Nf6 3. g3 e6 4. Bg2 Be7 5. Bg5 d6 6. Bxf6 Bxf6 7. c3 O-O 8.
Nbd2 d5 9. Ne5 Bxe5 10. dxe5 Nd7 11. f4 c6 12. Nb3 Qb6 13. Qd2 a5 14. e3 a4 15.
Nd4 Nc5 16. O-O Ne4 17. Bxe4 dxe4 18. Rfd1 Rd8 19. Qe2 Bd7 20. Rab1 c5 21. Nc2
Bb5 22. c4 Be8 23. Ne1 Qa6 24. Rbc1 Qb6 25. h3 h6 26. g4 Qc7 27. Rc2 Rxd1 28.
Qxd1 Rd8 29. Rd2 Rxd2 30. Qxd2 Qb6 31. Ng2 fxg4 32. hxg4 Qb4 33. Qxb4 cxb4 34.
a3 bxa3 35. bxa3 b5 36. cxb5 Bxb5 37. Kf2 Kf7 38. Ne1 g6 39. Nc2 Ke7 40. Nd4
Bd7 41. Kg3 Kf7 1/2-1/2

[Event "Berlin 2-Sachsen Anhalt 2"]
[Site "Gladenbach"]
[Date "2011.09.13"]
[Round "3.1"]
[White "Hamm, Georg"]
[Black "Welz, Peter"]
[Result "1/2-1/2"]
[WhiteElo "2022"]
[BlackElo "2036"]
[PlyCount "20"]
[EventDate "2011.??.??"]
[WhiteTeam "Sachsen Anhalt 2"]
[BlackTeam "Berlin 2"]

1. e4 e6 2. d3 d5 3. Nd2 Nf6 4. Ngf3 c5 5. g3 Nc6 6. Bg2 Be7 7. O-O b5 8. Re1
a5 9. e5 Nd7 10. Nf1 b4 1/2-1/2

[Event "Berlin 2-Sachsen Anhalt 2"]
[Site "Gladenbach"]
[Date "2011.09.13"]
[Round "3.2"]
[White "Burger, Heinrich"]
[Black "Liebscher, Helmar"]
[Result "1-0"]
[WhiteElo "2014"]
[BlackElo "1990"]
[PlyCount "91"]
[EventDate "2011.??.??"]
[WhiteTeam "Berlin 2"]
[BlackTeam "Sachsen Anhalt 2"]

1. d4 Nf6 2. g3 e6 3. Bg2 d5 4. Nf3 b6 5. c4 Bd6 6. O-O O-O 7. Nc3 Bb7 8. cxd5
exd5 9. Qc2 Re8 10. Nb5 Ba6 11. Nxd6 Rxe2 12. Nxf7 Qe7 13. Nh6+ gxh6 14. Qf5
Nbd7 15. Bxh6 Qe4 16. Qg5+ Qg6 17. Rfc1 c5 18. Bf1 Qxg5 19. Bxg5 Ne4 20. Be3
Rf8 21. Bxe2 Bxe2 22. Ne1 c4 23. Kg2 Re8 24. Nc2 Rf8 25. Ne1 Re8 26. Nc2 Rf8
27. Bf4 Nef6 28. Re1 Bh5 29. Nb4 Rc8 30. Rac1 a5 31. Nc2 Bg6 32. Ne3 b5 33. a3
Nh5 34. Bd6 Rc6 35. Be7 Re6 36. Bg5 h6 37. Bxh6 b4 38. axb4 axb4 39. f3 Nb6 40.
Bg5 Bd3 41. Kf2 Kf7 42. Nd1 Rc6 43. Re3 Re6 44. Rxe6 Kxe6 45. Bd2 b3 46. Ra1
1-0

[Event "Berlin 2-Sachsen Anhalt 2"]
[Site "Gladenbach"]
[Date "2011.09.13"]
[Round "3.4"]
[White "Badestein, Hartmut"]
[Black "Just, Joachim"]
[Result "1/2-1/2"]
[WhiteElo "1988"]
[BlackElo "1894"]
[PlyCount "26"]
[EventDate "2011.??.??"]
[WhiteTeam "Berlin 2"]
[BlackTeam "Sachsen Anhalt 2"]

1. d4 d5 2. Nf3 Nf6 3. c4 c6 4. e3 g6 5. Nc3 Bg7 6. Bd3 O-O 7. h3 Nbd7 8. O-O
Re8 9. cxd5 Nxd5 10. Nxd5 cxd5 11. Qb3 Nf6 12. Ne5 Qb6 13. Bd2 Bf5 1/2-1/2

[Event "Baden 2-Schleswig Holstein 2"]
[Site "Gladenbach"]
[Date "2011.09.13"]
[Round "3.1"]
[White "Böhm, Eckart"]
[Black "Villing, Dieter"]
[Result "0-1"]
[WhiteElo "1916"]
[BlackElo "2056"]
[PlyCount "86"]
[EventDate "2011.??.??"]
[WhiteTeam "Schleswig Holstein 2"]
[BlackTeam "Baden 2"]

1. e4 d6 2. d4 Nf6 3. Nc3 c6 4. Nf3 Bg4 5. Be2 e6 6. Be3 Be7 7. O-O d5 8. e5
Nfd7 9. h3 Bh5 10. Nh2 Bxe2 11. Nxe2 c5 12. c3 Nc6 13. f4 Qb6 14. Qd2 cxd4 15.
cxd4 Na5 16. b3 Nc6 17. Qb2 O-O 18. Nf3 Rac8 19. Rac1 f6 20. Nc3 fxe5 21. Na4
Qa6 22. fxe5 Nb4 23. Rxc8 Rxc8 24. Rc1 Rxc1+ 25. Qxc1 Qc6 26. Qxc6 bxc6 27. Nc3
h6 28. Kf1 Kf7 29. Ke2 a6 30. Ne1 c5 31. Nf3 Nc6 32. Kd3 cxd4 33. Bxd4 Bc5 34.
Bxc5 Nxc5+ 35. Ke3 Nd7 36. Na4 Ndxe5 37. Nxe5+ Nxe5 38. Kd4 Nd7 39. Nc5 Nxc5
40. Kxc5 Ke7 41. b4 Kd7 42. a4 Kc7 43. g3 g6 0-1

[Event "Baden 2-Schleswig Holstein 2"]
[Site "Gladenbach"]
[Date "2011.09.13"]
[Round "3.2"]
[White "Striebich, Rudolf"]
[Black "Lehmann, Erwin"]
[Result "1-0"]
[WhiteElo "2036"]
[BlackElo "1931"]
[PlyCount "55"]
[EventDate "2011.??.??"]
[WhiteTeam "Baden 2"]
[BlackTeam "Schleswig Holstein 2"]

1. g3 d5 2. Nf3 Nf6 3. Bg2 e6 4. O-O Be7 5. d3 b6 6. Nbd2 Bb7 7. c3 O-O 8. Qc2
c5 9. Re1 Qc7 10. e4 Nc6 11. Nf1 Rac8 12. Bf4 e5 13. Bg5 d4 14. c4 Rce8 15. Nh4
Ng4 16. Bxe7 Qxe7 17. Nf5 Qf6 18. h3 Nh6 19. g4 Nxf5 20. exf5 Nb4 21. Qd1 Bxg2
22. Kxg2 h5 23. Ng3 hxg4 24. hxg4 Qc6+ 25. Ne4 f6 26. a3 Na6 27. Qf3 Kf7 28.
Ng5+ 1-0

[Event "Baden 2-Schleswig Holstein 2"]
[Site "Gladenbach"]
[Date "2011.09.13"]
[Round "3.3"]
[White "Meyer, Heinz"]
[Black "Sandmeier, Toni"]
[Result "0-1"]
[WhiteElo "1852"]
[BlackElo "2135"]
[PlyCount "84"]
[EventDate "2011.??.??"]
[WhiteTeam "Schleswig Holstein 2"]
[BlackTeam "Baden 2"]

1. d4 Nf6 2. Nf3 g6 3. c4 Bg7 4. g3 O-O 5. Bg2 c5 6. O-O cxd4 7. Nxd4 Nc6 8.
Nxc6 bxc6 9. Nc3 Rb8 10. Qa4 a5 11. Qc2 Qc7 12. c5 Rb4 13. h3 Qe5 14. Be3 Qh5
15. a3 Rb7 16. g4 Qe5 17. Rab1 h5 18. g5 Nh7 19. Qd2 Re8 20. Rfd1 Nf8 21. Bd4
Qxd4 22. Qxd4 Bxd4 23. Rxd4 Ne6 24. Ra4 Nxc5 25. Rxa5 Nb3 26. Ra8 d5 27. Rd1
Kf8 28. e4 e6 29. e5 Bd7 30. Rxe8+ Kxe8 31. Bf1 c5 32. a4 Nd4 33. Nb5 Bxb5 34.
Bxb5+ Nxb5 35. axb5 Rxb5 36. Ra1 Rxb2 37. Ra8+ Kd7 38. Ra7+ Kc6 39. Rxf7 d4 40.
Rf6 Kd5 41. Rxg6 c4 42. Rg8 c3 0-1

[Event "Baden 2-Schleswig Holstein 2"]
[Site "Gladenbach"]
[Date "2011.09.13"]
[Round "3.4"]
[White "Funk, Paul"]
[Black "Gehrmann, Dorit"]
[Result "1-0"]
[WhiteElo "1940"]
[BlackElo "1836"]
[PlyCount "152"]
[EventDate "2011.??.??"]
[WhiteTeam "Baden 2"]
[BlackTeam "Schleswig Holstein 2"]

1. d4 d5 2. c4 c6 3. e3 Nf6 4. Nf3 Nbd7 5. Nc3 e6 6. a3 a6 7. Qb3 dxc4 8. Bxc4
b5 9. Be2 Bb7 10. O-O c5 11. Rd1 Qc7 12. h3 Be7 13. Bd2 O-O 14. Rac1 Qb6 15.
Be1 cxd4 16. exd4 Nd5 17. Bd2 N7f6 18. Bg5 Bd6 19. Ne5 h6 20. Bxf6 Nxf6 21. Na4
Qa7 22. Nc5 Bd5 23. Qe3 Rac8 24. b4 Qa8 25. Bf1 Bb7 26. f4 Nd5 27. Qf2 Bc6 28.
g4 Bxe5 29. fxe5 Nb6 30. Rc3 Nd5 31. Rg3 Ne7 32. Bd3 Bd5 33. Nd7 Rfd8 34. Nb6
Qa7 35. Nxc8 Rxc8 36. g5 h5 37. Kh2 g6 38. Rgg1 Bc4 39. Be4 Bd5 40. Bxd5 Nxd5
41. Rc1 Rd8 42. Rgf1 Qd7 43. Rc5 Nb6 44. Rd1 Nc4 45. a4 Nb6 46. axb5 axb5 47.
Qe2 Na4 48. Rc2 Nb6 49. Ra2 Nd5 50. Rc2 Qe7 51. h4 Qxb4 52. Rb2 Qa4 53. Qd2 b4
54. Rdb1 Rc8 55. Rf1 Qa3 56. Qf2 Rc7 57. Ra2 Qe3 58. Ra8+ Kg7 59. Rb8 Qe4 60.
Re1 Rc2 61. Rxe4 Rxf2+ 62. Kg1 Rd2 63. Kf1 Rc2 64. Re2 Rc1+ 65. Kf2 Rb1 66. Rc2
Ra1 67. Rcc8 Ra2+ 68. Ke1 Ne7 69. Re8 Ra1+ 70. Kd2 Ra2+ 71. Kd3 Ra7 72. Rxb4
Rc7 73. Rbb8 Rd7 74. Kc4 Rc7+ 75. Kb5 Ra7 76. Kc5 Rd7 1-0

[Event "Bremen-Württemberg 2"]
[Site "Gladenbach"]
[Date "2011.09.13"]
[Round "3.1"]
[White "Hottes, Dieter"]
[Black "Schoene, Armin"]
[Result "1-0"]
[WhiteElo "2035"]
[BlackElo "2017"]
[PlyCount "145"]
[EventDate "2011.??.??"]
[WhiteTeam "Württemberg 2"]
[BlackTeam "Bremen"]

1. b3 f5 2. Bb2 d6 3. c4 e5 4. e3 Nf6 5. Nf3 Be7 6. Nc3 c6 7. c5 e4 8. cxd6
Qxd6 9. Nd4 O-O 10. Qc2 a6 11. Rd1 c5 12. Nde2 Nc6 13. Nc1 b5 14. d3 Nb4 15.
Qb1 Qc6 16. Be2 Bb7 17. a3 exd3 18. Bf3 Nc2+ 19. Kf1 Qc7 20. Nxd3 Nxa3 21. Bxa3
b4 22. Bb2 bxc3 23. Bxc3 Ne4 24. Ba1 Bf6 25. Qc2 Rad8 26. Ke2 Bc6 27. Bxf6 Rxf6
28. Nb2 Rfd6 29. Nc4 Rxd1 30. Rxd1 Rxd1 31. Bxe4 Bxe4 32. Qxd1 Bxg2 33. Qg1 Be4
34. Qg5 Bc2 35. Nd2 h6 36. Qh4 Qd6 37. Qc4+ Kh7 38. Qxc2 Kg8 39. Nc4 Qxh2 40.
Qxf5 Qb8 41. Qe6+ Kh8 42. Ne5 Qb5+ 43. Kf3 a5 44. Kf4 Qf1 45. f3 Qg2 46. Ng6+
Kh7 47. Ne7 Qh2+ 48. Ke4 Qc2+ 49. Ke5 Qc3+ 50. Kf4 Qf6+ 51. Qxf6 gxf6 52. Nc6
c4 53. bxc4 a4 54. c5 Kg7 55. Nb4 Kf7 56. Kf5 h5 57. e4 a3 58. f4 Ke7 59. e5
fxe5 60. Kxe5 h4 61. Ke4 h3 62. Kf3 Ke6 63. Kg3 a2 64. Nxa2 Kd5 65. Kxh3 Kxc5
66. Kg4 Kd6 67. Kg5 Ke7 68. Kg6 Kf8 69. Nc3 Kg8 70. Ne4 Kf8 71. f5 Kg8 72. Ng5
Kf8 73. f6 1-0

[Event "Bremen-Württemberg 2"]
[Site "Gladenbach"]
[Date "2011.09.13"]
[Round "3.2"]
[White "Gerhardt, Peter-Michael"]
[Black "Häcker, Johannes"]
[Result "1/2-1/2"]
[WhiteElo "1916"]
[BlackElo "2074"]
[PlyCount "71"]
[EventDate "2011.??.??"]
[WhiteTeam "Bremen"]
[BlackTeam "Württemberg 2"]

1. d4 Nf6 2. c4 e6 3. Nf3 b6 4. e3 Bb7 5. Be2 d5 6. O-O Nbd7 7. Nc3 Be7 8. b3
O-O 9. Bb2 Rc8 10. cxd5 exd5 11. Rc1 a6 12. Ne5 Bd6 13. f4 Qe7 14. Bd3 Rfd8 15.
Rf3 Nf8 16. Rc2 Ne4 17. Rh3 b5 18. Ne2 Re8 19. Ng3 f6 20. Nf5 Qe6 21. Qg4 g6
22. Nh6+ Kh8 23. f5 Qe7 24. Nef7+ Kg7 25. fxg6 hxg6 26. Nf5+ Kxf7 27. Nxe7 Rxe7
28. Bxe4 Rxe4 29. Qd1 Rce8 30. Bc1 Bc8 31. Rg3 Bd7 32. Qf1 Bxg3 33. hxg3 Ne6
34. b4 c6 35. a4 f5 36. axb5 1/2-1/2

[Event "Bremen-Württemberg 2"]
[Site "Gladenbach"]
[Date "2011.09.13"]
[Round "3.3"]
[White "Hoeschele, Hans-Ulrich"]
[Black "Pundt, Wilfried"]
[Result "1-0"]
[WhiteElo "2003"]
[BlackElo "1760"]
[PlyCount "99"]
[EventDate "2011.??.??"]
[WhiteTeam "Württemberg 2"]
[BlackTeam "Bremen"]

1. d4 e6 2. Bf4 b6 3. Nd2 Bb7 4. e4 c5 5. c3 cxd4 6. cxd4 Bb4 7. f3 Nf6 8. a3
Bxd2+ 9. Qxd2 O-O 10. Bd6 Nxe4 11. fxe4 Qh4+ 12. Bg3 Qxe4+ 13. Ne2 Rc8 14. Qf4
Qc2 15. Qd2 Qe4 16. Bxb8 Raxb8 17. Kd1 Bd5 18. Nc3 Qg4+ 19. Kc1 b5 20. Kb1 Qg6+
21. Bd3 Qxg2 22. Qxg2 Bxg2 23. Rg1 Bc6 24. Kc2 a5 25. b4 a4 26. Kb2 Rf8 27. Rg5
f5 28. Rag1 g6 29. d5 exd5 30. Bxf5 Rbe8 31. Bc2 Rf2 32. Nxd5 Ree2 33. Rc1 Kg7
34. Nc3 Rd2 35. Rc5 Rxh2 36. Nxb5 Bxb5 37. Rxb5 h5 38. Rg5 Rhg2 39. Rxg2 Rxg2
40. Rd1 h4 41. Rxd7+ Kh6 42. Kc3 Kg5 43. Bxa4 h3 44. Bc6 Rg1 45. Rd2 Kf4 46. b5
Kg3 47. b6 Rf1 48. b7 Rf8 49. Rd3+ Kh4 50. Bd7 1-0

[Event "Rheinlandpfalz-Mecklenburg VP 2"]
[Site "Gladenbach"]
[Date "2011.09.13"]
[Round "3.1"]
[White "Pamperin, Gerhard"]
[Black "Müller, Lutz"]
[Result "1/2-1/2"]
[WhiteElo "1805"]
[BlackElo "1908"]
[PlyCount "116"]
[EventDate "2011.??.??"]
[WhiteTeam "Mecklenburg VP 2"]
[BlackTeam "Rheinlandpfalz"]

1. d4 d5 2. c4 dxc4 3. Nc3 e5 4. d5 Nf6 5. e4 c6 6. Bxc4 Bb4 7. Bg5 Bxc3+ 8.
bxc3 Qa5 9. Bd2 Nxe4 10. dxc6 Nxc6 11. Qb3 O-O 12. Rd1 Nxd2 13. Rxd2 Qc7 14.
Bd5 Na5 15. Qb4 Rb8 16. Ne2 b6 17. O-O Ba6 18. Rfd1 Nc4 19. Bxc4 Qxc4 20. Ng3
Qxb4 21. cxb4 Bb5 22. Rd5 Ba4 23. R1d2 Rfe8 24. f3 Kf8 25. b5 Rbc8 26. Ne4 Rc1+
27. Kf2 Rc2 28. Ke3 Rxd2 29. Kxd2 a6 30. bxa6 Ra8 31. Nc3 Rxa6 32. Rxe5 Bd7 33.
Kc2 b5 34. Kb2 b4 35. Nb1 Be6 36. a3 bxa3+ 37. Nxa3 Ra4 38. Re3 h5 39. g3 g5
40. Re4 Ra6 41. f4 Rb6+ 42. Kc1 Rb3 43. Nc2 gxf4 44. Rxf4 Bg4 45. Kd2 Rb1 46.
Rf2 Rb3 47. Nd4 Ra3 48. Nc2 Rb3 49. Kc1 Rd3 50. Rd2 Rc3 51. Rf2 Rd3 52. Kb2 Kg7
53. Nb4 Rd6 54. Kc3 Be6 55. Rd2 Rxd2 56. Kxd2 h4 57. Ke3 hxg3 58. hxg3 Bc8
1/2-1/2

[Event "Rheinlandpfalz-Mecklenburg VP 2"]
[Site "Gladenbach"]
[Date "2011.09.13"]
[Round "3.2"]
[White "Schwertel, Johann"]
[Black "Nauschütz, Ernst"]
[Result "1-0"]
[WhiteElo "1894"]
[BlackElo "1844"]
[PlyCount "123"]
[EventDate "2011.??.??"]
[WhiteTeam "Rheinlandpfalz"]
[BlackTeam "Mecklenburg VP 2"]

1. d4 Nf6 2. Nf3 e6 3. Bg5 c5 4. e3 h6 5. Bh4 Qb6 6. Qc1 g5 7. Bg3 g4 8. Be5
Bg7 9. Nfd2 d6 10. Nc4 Qc6 11. Nxd6+ Kf8 12. Nxc8 Qxc8 13. Bd6+ Kg8 14. Bxc5
Nbd7 15. Bb4 Qc6 16. Bd2 Ne4 17. c3 h5 18. Qd1 Ng5 19. Qe2 a6 20. Na3 b5 21.
Nc2 Rc8 22. Nb4 Qb7 23. Nd3 Nb6 24. Nc5 Qa8 25. e4 Bh6 26. h4 gxh3 27. gxh3 Nc4
28. Rg1 Nxd2 29. Qxd2 Kh7 30. Rxg5 f6 31. Rxh5 Kg6 32. Rxh6+ Rxh6 33. O-O-O e5
34. Kb1 Rh4 35. f3 Qc6 36. Nd3 Qc7 37. dxe5 fxe5 38. Qf2 Rh5 39. Nb4 Rd8 40.
Nd5 Qd6 41. h4 Kg7 42. Bh3 Kh8 43. Bg4 Rh7 44. Ne3 Qe7 45. h5 Rxd1+ 46. Nxd1
Qd6 47. Qe2 Rb7 48. Ne3 Rb8 49. Nf5 Qf6 50. Ne3 a5 51. Nd5 Qd6 52. Qe3 b4 53.
c4 a4 54. Bf5 b3 55. a3 Rb7 56. Bg6 Kg7 57. Qg5 Rc7 58. Be8+ Kh8 59. h6 Rh7 60.
Bxa4 Rxh6 61. Bxb3 Rh1+ 62. Ka2 1-0

[Event "Rheinlandpfalz-Mecklenburg VP 2"]
[Site "Gladenbach"]
[Date "2011.09.13"]
[Round "3.3"]
[White "Krieg, Peter"]
[Black "Walter, Berthold"]
[Result "1-0"]
[WhiteElo "1738"]
[BlackElo "1910"]
[PlyCount "49"]
[EventDate "2011.??.??"]
[WhiteTeam "Mecklenburg VP 2"]
[BlackTeam "Rheinlandpfalz"]

1. e4 e5 2. f4 exf4 3. Nf3 Nf6 4. Nc3 d5 5. exd5 Nxd5 6. Bc4 Nxc3 7. bxc3 Qe7+
8. Be2 g5 9. O-O Nc6 10. d4 Bg7 11. Bd3 O-O 12. Re1 Be6 13. a4 Qf6 14. Rb1 g4
15. Nd2 Qh4 16. Nf1 Qf6 17. Be4 Na5 18. Rb5 Nc4 19. Qd3 Qh4 20. g3 Qh3 21. Bxf4
f5 22. Bg2 Qh5 23. Rxe6 Nd6 24. Bxd6 cxd6 25. Ne3 1-0

[Event "Rheinlandpfalz-Mecklenburg VP 2"]
[Site "Gladenbach"]
[Date "2011.09.13"]
[Round "3.4"]
[White "Neumann, Horst"]
[Black "Segebarth, Bernd"]
[Result "1/2-1/2"]
[WhiteElo "1764"]
[BlackElo "1646"]
[PlyCount "24"]
[EventDate "2011.??.??"]
[WhiteTeam "Rheinlandpfalz"]
[BlackTeam "Mecklenburg VP 2"]

1. d4 e6 2. Nf3 f5 3. c4 Bb4+ 4. Bd2 Qe7 5. a3 Bxd2+ 6. Qxd2 b6 7. Nc3 Nf6 8.
e3 Bb7 9. Be2 d6 10. b4 a5 11. O-O O-O 12. Rfe1 Nbd7 1/2-1/2

[Event "NRW 1-Hessen 1"]
[Site "Gladenbach"]
[Date "2011.09.14"]
[Round "4.1"]
[White "Donchenko, Anatoly"]
[Black "Khanukov, Boris"]
[Result "1-0"]
[WhiteElo "2329"]
[BlackElo "2222"]
[PlyCount "83"]
[EventDate "2011.??.??"]
[WhiteTeam "Hessen 1"]
[BlackTeam "NRW 1"]

1. c4 Nf6 2. Nf3 c5 3. Nc3 g6 4. g3 Bg7 5. Bg2 Nc6 6. d4 cxd4 7. Nxd4 O-O 8.
O-O Nxd4 9. Qxd4 d6 10. Qd3 Qc7 11. Bd2 Bd7 12. Rac1 Rfc8 13. b3 Bc6 14. e4 Nd7
15. Qe2 a5 16. Rfe1 Nc5 17. h4 Qd8 18. Bg5 Qf8 19. Qd2 h6 20. Be3 Kh7 21. Nd5
Bxd5 22. Qxd5 b6 23. h5 Ra7 24. Rcd1 Rd8 25. e5 Rad7 26. hxg6+ fxg6 27. Bh3 Rc7
28. Bf4 e6 29. Bxe6 Nxe6 30. Qxe6 dxe5 31. Qxb6 Rxd1 32. Rxd1 Re7 33. Be3 Qf3
34. Qd8 Rf7 35. Rd7 h5 36. Rxf7 Qxf7 37. Qd5 Qf5 38. c5 Qb1+ 39. Kg2 Qxa2 40.
c6 a4 41. c7 Qc2 42. Qc4 1-0

[Event "NRW 1-Hessen 1"]
[Site "Gladenbach"]
[Date "2011.09.14"]
[Round "4.2"]
[White "Rotstein, Jefim"]
[Black "Klundt, Klaus"]
[Result "1-0"]
[WhiteElo "2263"]
[BlackElo "2356"]
[PlyCount "77"]
[EventDate "2011.??.??"]
[WhiteTeam "NRW 1"]
[BlackTeam "Hessen 1"]

1. f4 Nf6 2. Nf3 g6 3. d3 Bg7 4. e4 O-O 5. Be2 c5 6. c4 Nc6 7. O-O d6 8. Qe1
Ne8 9. Nc3 f5 10. Qh4 Nf6 11. Bd2 Nd4 12. Rae1 Nc2 13. Rc1 Nd4 14. Rce1 Nc2 15.
Rc1 Nd4 16. Bd1 e6 17. Re1 Bd7 18. e5 Ne8 19. Qxd8 Nxf3+ 20. Bxf3 Rxd8 21. Bxb7
Rb8 22. Bf3 Rxb2 23. Be3 g5 24. exd6 Bd4 25. Bxd4 cxd4 26. Nb5 Bxb5 27. cxb5
Nxd6 28. a4 g4 29. Bd1 Rd2 30. Rxe6 Nf7 31. Re7 Rxd3 32. Rxa7 Re8 33. b6 Nd6
34. Rd7 Re1+ 35. Kf2 Rexd1 36. Rxd1 Rxd1 37. Rxd6 Rb1 38. a5 Rb5 39. a6 1-0

[Event "NRW 1-Hessen 1"]
[Site "Gladenbach"]
[Date "2011.09.14"]
[Round "4.3"]
[White "Haakert, Jürgen"]
[Black "Rosen, Willy"]
[Result "1-0"]
[WhiteElo "2319"]
[BlackElo "2222"]
[PlyCount "77"]
[EventDate "2011.??.??"]
[WhiteTeam "Hessen 1"]
[BlackTeam "NRW 1"]

1. e4 c5 2. Nc3 Nc6 3. Bb5 g6 4. Bxc6 bxc6 5. f4 d6 6. d3 Bg7 7. Nf3 Nh6 8. O-O
O-O 9. Qe1 Rb8 10. h3 f5 11. e5 Qc7 12. e6 Rf6 13. Ng5 d5 14. Rf2 Qd6 15. Re2
Rb4 16. Re5 Rf8 17. a3 Rd4 18. Nf3 Rf6 19. b4 cxb4 20. Nxd4 bxc3 21. Rb1 a6 22.
Rb6 Qc5 23. Rxc6 Qxd4+ 24. Be3 Qa4 25. Rxc8+ Rf8 26. Rxf8+ Kxf8 27. Qxc3 Bxe5
28. Qxe5 Ng8 29. Qxd5 Qxa3 30. Qd8+ Kg7 31. Qe8 Nf6 32. Qf7+ Kh6 33. g4 fxg4
34. f5+ Kh5 35. fxg6 hxg6 36. hxg4+ Kxg4 37. Qxg6+ Kf3 38. Qg2+ Kxe3 39. Qf2#
1-0

[Event "NRW 1-Hessen 1"]
[Site "Gladenbach"]
[Date "2011.09.14"]
[Round "4.4"]
[White "Schippan, Bernhard"]
[Black "Haubt, Georg"]
[Result "1/2-1/2"]
[WhiteElo "2212"]
[BlackElo "2147"]
[PlyCount "38"]
[EventDate "2011.??.??"]
[WhiteTeam "NRW 1"]
[BlackTeam "Hessen 1"]

1. e4 d5 2. exd5 Qxd5 3. Nc3 Qd6 4. d4 Nf6 5. Nf3 a6 6. g3 b5 7. Bg2 Bb7 8. O-O
e6 9. Bf4 Qb6 10. a4 Bd6 11. a5 Qa7 12. Ne2 Nbd7 13. c3 O-O 14. Ne5 Bxg2 15.
Kxg2 Qb7+ 16. Kg1 Rfd8 17. Nxd7 Rxd7 18. Bxd6 Rxd6 19. Qc1 Qf3 1/2-1/2

[Event "Berlin 1-Baden 1"]
[Site "Gladenbach"]
[Date "2011.09.14"]
[Round "4.1"]
[White "Nekrasov, Michail"]
[Black "Postler, Reinhard"]
[Result "1/2-1/2"]
[WhiteElo "2280"]
[BlackElo "2308"]
[PlyCount "90"]
[EventDate "2011.??.??"]
[WhiteTeam "Baden 1"]
[BlackTeam "Berlin 1"]

1. e4 c5 2. Nf3 e6 3. d4 cxd4 4. Nxd4 a6 5. Bd3 Nc6 6. Nxc6 dxc6 7. Nd2 e5 8.
Nc4 Be6 9. O-O Bxc4 10. Bxc4 Qxd1 11. Rxd1 Nf6 12. f3 Bc5+ 13. Kf1 h6 14. Bd2
Bd4 15. c3 Bb6 16. a4 a5 17. Be1 Ke7 18. Bg3 Bc7 19. Bf2 Rhd8 20. Ke2 Rxd1 21.
Rxd1 Rd8 22. Bc5+ Ke8 23. Rxd8+ Bxd8 24. g3 Bc7 25. Be3 Nd7 26. b4 Ke7 27. Bb3
f6 28. Kd3 axb4 29. cxb4 Bb6 30. Bd2 Bd4 31. Be1 Kd6 32. h4 Ke7 33. f4 Bb6 34.
f5 Bd4 35. g4 Kd6 36. Ke2 b5 37. axb5 cxb5 38. Bf7 Ke7 39. Bd5 Kd6 40. Bd2 Nb6
41. Bf7 Nc4 42. Be8 Nxd2 43. Kxd2 Bf2 44. h5 Bg1 45. Bxb5 Bf2 1/2-1/2

[Event "Berlin 1-Baden 1"]
[Site "Gladenbach"]
[Date "2011.09.14"]
[Round "4.2"]
[White "Rahls, Peter"]
[Black "Schulze, Ulrich"]
[Result "0-1"]
[WhiteElo "2132"]
[BlackElo "2210"]
[PlyCount "83"]
[EventDate "2011.??.??"]
[WhiteTeam "Berlin 1"]
[BlackTeam "Baden 1"]

1. e4 c6 2. d4 d5 3. Nc3 dxe4 4. Nxe4 Bf5 5. Ng3 Bg6 6. h4 h6 7. Nh3 e6 8. Nf4
Bh7 9. Bc4 Nf6 10. c3 Bd6 11. Qe2 O-O 12. O-O Re8 13. Bd3 Bxf4 14. Bxh7+ Nxh7
15. Bxf4 Qxh4 16. Be5 Nf6 17. Bxf6 Qxf6 18. f4 Nd7 19. Rae1 Rad8 20. Ne4 Qe7
21. f5 exf5 22. Rxf5 g6 23. Rff1 f5 24. Qc4+ Kg7 25. Nc5 Qxe1 26. Rxe1 Rxe1+
27. Kf2 Nb6 28. Qd3 Re7 29. c4 Nd7 30. Nb3 Ne5 31. Qc3 Ng4+ 32. Kf1 Kh7 33. Nd2
Rde8 34. Nf3 b6 35. a4 Re3 36. Qb4 Rd3 37. Ne5 Rxd4 38. Nxg4 fxg4 39. Kf2 Rd3
40. g3 Rf3+ 41. Kg2 Re2+ 42. Kh1 0-1

[Event "Berlin 1-Baden 1"]
[Site "Gladenbach"]
[Date "2011.09.14"]
[Round "4.3"]
[White "Biebinger, Gerhard"]
[Black "Thormann, Wolfgang"]
[Result "0-1"]
[WhiteElo "2195"]
[BlackElo "2203"]
[PlyCount "82"]
[EventDate "2011.??.??"]
[WhiteTeam "Baden 1"]
[BlackTeam "Berlin 1"]

1. c4 e5 2. g3 Nf6 3. Bg2 d5 4. cxd5 Nxd5 5. Nc3 Nb6 6. Nf3 Nc6 7. O-O Be7 8.
a3 O-O 9. b4 Be6 10. Rb1 f6 11. d3 Qc8 12. Re1 Rd8 13. Qc2 Kh8 14. Bb2 Bh3 15.
Bh1 Bg4 16. Ne4 Nd5 17. Rbc1 a6 18. Nc5 Bxc5 19. Qxc5 Qe6 20. Qc4 Rd7 21. Nd2
Nce7 22. Ne4 b6 23. h4 c6 24. e3 a5 25. b5 cxb5 26. Qxb5 Rad8 27. d4 h6 28.
dxe5 fxe5 29. Bg2 Bh3 30. Bh1 Bg4 31. Kh2 Rf8 32. Kg1 Bf3 33. Bxf3 Rxf3 34. Nd2
Rf8 35. Nc4 Ng6 36. h5 Rdf7 37. hxg6 Rf6 38. Qxd5 Qxd5 39. e4 Qd3 40. Bxe5 Qf3
41. Ne3 Qh5 0-1

[Event "Berlin 1-Baden 1"]
[Site "Gladenbach"]
[Date "2011.09.14"]
[Round "4.4"]
[White "Brameyer, Hermann"]
[Black "Gierth, Hans-Joachim"]
[Result "0-1"]
[WhiteElo "2109"]
[BlackElo "2226"]
[PlyCount "134"]
[EventDate "2011.??.??"]
[WhiteTeam "Berlin 1"]
[BlackTeam "Baden 1"]

1. c4 c6 2. Nc3 d5 3. d4 e6 4. e3 Nf6 5. Nf3 Nbd7 6. Bd3 Bd6 7. O-O O-O 8. e4
dxc4 9. Bxc4 e5 10. Bg5 Qc7 11. dxe5 Nxe5 12. Nxe5 Bxe5 13. g3 Bxc3 14. bxc3
Nxe4 15. Bf4 Qa5 16. Qc2 Ng5 17. Bd6 Re8 18. Qb3 b5 19. Bd3 Be6 20. Qc2 Nf3+
21. Kg2 Bd5 22. Kh3 Ng5+ 23. Kg4 h6 24. f4 Ne4 25. Be5 Nc5 26. Bh7+ Kh8 27. Bf5
Be6 28. Rfe1 Qa4 29. Qxa4 Nxa4 30. Bxe6 Rxe6 31. f5 Ree8 32. f6 gxf6 33. Bxf6+
Kh7 34. Kf5 Nb6 35. Bd4 Nd5 36. Rxe8 Rxe8 37. a4 a6 38. axb5 axb5 39. Ra7 Kg8
40. Rd7 Rc8 41. Rd6 Ne7+ 42. Kf6 Kf8 43. Bc5 Ke8 44. Rd3 Nd5+ 45. Kg7 f5 46.
Kxh6 Kf7 47. Kg5 Ke6 48. Rd2 Nxc3 49. Kf4 Ne4 50. Rc2 Rg8 51. Be3 Rg4+ 52. Kf3
Kd5 53. Bf4 c5 54. h4 b4 55. h5 b3 56. Rb2 c4 57. h6 Rg8 58. Rb1 Rh8 59. Ke3
Kc5 60. Rh1 Nf6 61. Kd2 Rd8+ 62. Kc1 c3 63. Bg5 Ra8 64. Kb1 Nh7 65. Be3+ Kc4
66. Rh4+ Kd3 67. Bc1 b2 0-1

[Event "Sachsen Anhalt 1-NRW 2"]
[Site "Gladenbach"]
[Date "2011.09.14"]
[Round "4.1"]
[White "Bakhmatov, Eduard"]
[Black "Liebert, Heinz"]
[Result "1/2-1/2"]
[WhiteElo "2189"]
[BlackElo "2163"]
[PlyCount "29"]
[EventDate "2011.??.??"]
[WhiteTeam "NRW 2"]
[BlackTeam "Sachsen Anhalt 1"]

1. e4 c5 2. Nf3 Nc6 3. Bb5 g6 4. c3 Nf6 5. e5 Nd5 6. O-O Bg7 7. d4 cxd4 8. cxd4
O-O 9. Nc3 Nc7 10. a4 d6 11. Bxc6 bxc6 12. Re1 Bg4 13. a5 Nb5 14. Bf4 Qd7 15.
Re4 {rest nicht lesbar} 1/2-1/2

[Event "Sachsen Anhalt 1-NRW 2"]
[Site "Gladenbach"]
[Date "2011.09.14"]
[Round "4.2"]
[White "Neukirch, Detlef"]
[Black "Bachmann, Karlheinz"]
[Result "1/2-1/2"]
[WhiteElo "2144"]
[BlackElo "2210"]
[PlyCount "21"]
[EventDate "2011.??.??"]
[WhiteTeam "Sachsen Anhalt 1"]
[BlackTeam "NRW 2"]

1. d4 d5 2. Nc3 Nf6 3. Bg5 Nbd7 4. Nf3 e6 5. e4 dxe4 6. Nxe4 Be7 7. Bxf6 Nxf6
8. Nxf6+ Bxf6 9. Qd2 Bd7 10. O-O-O Bc6 11. Qf4 1/2-1/2